Datum a čas kvízu
29.5
Celkem bodů
Celkový počet nahraných bodů na tomto kvízu bez doplňovacích otázek.
4.
Pořadí na kvízu
Konečné umístění týmu na tomto kvízu.
Zaznamenané odpovědi
| # | Otázka | Odpověď | Body | Výsledky |
|---|---|---|---|---|
| 1. | Městský soud v Praze vyhlásil... | Firo-tour | 0 | |
| 2. | Jistá arabská země minulý týde... | Spojené arabské emiráty | 1 | |
| 3. | Minulý týden vstoupil do český... | Tenet | 0 | |
| 4. | Jistá soukromá dopravní společ... | Leo Express | 1 | |
| 5. | Slavná tenisová dvojčata Mike... | Bryanovi | 1 | |
| 6. | V tomto tématu se podíváme na... | (druhá) punská válka | 1 | |
| 7. | V roce 1792 u Valmy porazila f... | Prusko | 0 | |
| 8. | Jak se jmenoval americký gener... | Robert Edward Lee | 0 | |
| 9. | V počáteční fázi první světové... | Marna/La Marne | 0 | |
| 10. | Cílem této vojenské operace v... | Ofenzíva Tet | 0 |